000 00676cam a2200241 4500500
005 20260329005011.0
041 _afre
042 _adc
100 1 0 _aN’Diaye, Aïda
_eauthor
245 0 0 _aLénine a marché sur la Lune
260 _c2022.
500 _a35
690 _aCosmisme
690 _aElon Musk
690 _aEspace
690 _aImmortalité
690 _aMichel Eltchaninoff
690 _aRussie
690 _aScience
690 _aTranshumanisme
786 0 _nPhilosophie magazine | 156 | 2 | 2022-02-01 | p. 75-75 | 1951-1787
856 4 1 _uhttps://shs.cairn.info/magazine-philosophie-magazine-2022-2-page-75?lang=fr&redirect-ssocas=7080
999 _c1839340
_d1839340